000
00302nam a2200133Ia 4500
100
_a
Ministry of Labour
942
_c
BK
654
_a
Relations handbooks
245
_a
Industrial Relations Handbook
260
_b
Her Majestys
_a
London
_c
1961
082
_a
331.0202
546
_a
ENGLISH
999
_c
20744
_d
20744